00278nam a2200121Ia 4500008004100000100001600041245002000057260003700077300000900114650001100123942000700134999001500141190216s9999||||xx |||||||||||||| ||und|| aGanguly A K 0aGenaeral Botany bNew Central Book Agenciesc1975 a617p aBotany cBK c1221d1221